| 000 | 00482nam a22001817a 4500 | ||
|---|---|---|---|
| 003 | CEME | ||
| 005 | 20210628202842.0 | ||
| 008 | 210118b xxu||||| |||| 00| 0 eng d | ||
| 020 | _a81-7319-577-3 | ||
| 040 | _c. | ||
| 082 | _a513.93 IND | ||
| 100 |
_aJoshi, Mohan .C, Pani, Amiya .K, Sabnis, Sanjeev . V _961970 |
||
| 245 | _aIndustrial mathematics | ||
| 260 |
_aNEW DELHI _bNAROSA _c2006 |
||
| 300 | _aXI, 514 P | ||
| 650 |
_aINDUSTRIAL MATHEMATICS _961971 |
||
| 942 |
_cBK _2ddc |
||
| 999 |
_c571233 _d571233 |
||